000 00815nam a22002417a 4500
003 UA-OsUOA
001 69816
007 ta
008 20100706b un ||||| |||| 00| 0 ukr d
100 _aЦиппеліус Р.
090 _a340
_bЦ67
942 _cBK
040 _aUA-OsUOA
_bukr
_cUA-OsUOA
_dUA-OsUOA
245 _aЮридична методологія
_bПідручник. Програма технічної допомоги Європейського Союзу (Тасіс) Україні
300 _a176 с.
955 _a2
041 _aukr
080 _a340
020 _a966-8058-06-2
260 _aК.
_bРеферат
_c2004
650 7 _a340 Право в цілому. Пропедевтика. Методи та допоміжні правничі науки
_2UDC
999 _c356134
_d356134